| 000 | 00557nam a2200181Ia 4500 | ||
|---|---|---|---|
| 008 | 151018s9999 xx 000 0 und d | ||
| 082 |
_bRBASDV49821 _a370 |
||
| 100 | _aस्टोलबर्ग | ||
| 245 | _aसजीव वस्तूएं | ||
| 250 | _b1 | ||
| 260 |
_bनवप्रभात साहित्य _c2007 |
||
| 300 | _a94 | ||
| 600 | _aस्टोलबर्ग | ||
| 630 | _aसजीव वस्तूएं | ||
| 700 | _aस्टोलबर्ग | ||
| 730 | _aसजीव वस्तूएं | ||
| 942 | _cBOOK | ||
| 999 |
_c1048819 _d1048816 |
||